[Event "FAI-chT 2021"]
[Site "Faroe Islands"]
[Date "2020.11.08"]
[Round "4.3"]
[White "Berg, Margar"]
[Black "Olsen, Kaj"]
[Result "1-0"]
[WhiteElo "1912"]
[BlackElo "1659"]
[PlyCount "49"]
[EventDate "2020.10.04"]
[EventType "team-tourn"]
[EventRounds "10"]
[EventCountry "FAI"]
[SourceTitle "EXT 2022"]
[Source "ChessBase"]
[SourceDate "2021.10.06"]
[SourceVersion "1"]
[SourceVersionDate "2021.10.06"]
[SourceQuality "1"]
[WhiteTeam "Havnin II"]
[BlackTeam "Kollafjordur"]
[WhiteTeamCountry "FAI"]
[BlackTeamCountry "FAI"]

1. d4 Nf6 2. Nf3 d5 3. c4 c6 4. Nc3 g6 5. Bf4 Bg7 6. e3 0-0 7. Bd3 Re8 8. h3 Nbd7 9. Qc2 dxc4 10. Bxc4 Nb6 11. Bb3 Nbd5 12. Ne5 Be6 13. Bh2 Qc8 14. 0-0 Nxc3 15. bxc3 Nd5 16. e4 Bxe5 17. Bxe5 Nc7 18. f4 h5 19. f5 gxf5 20. Qf2 f6 21. exf5 Bxb3 22. Qg3+ Kh7 23. Qg6+ Kh8 24. Qh6+ Kg8 25. Rf3 1-0

[Event "FAI-chT2 1920"]
[Site "Faroe Islands"]
[Date "2020.01.11"]
[Round "6.1"]
[White "Isaksen, Reinhold"]
[Black "Olsen, Kaj"]
[Result "1/2-1/2"]
[WhiteElo "1906"]
[BlackElo "1654"]
[PlyCount "42"]
[EventDate "2019.10.13"]
[EventType "team-tourn"]
[EventRounds "10"]
[EventCountry "FAI"]
[SourceTitle "CBM 195 Extra"]
[Source "ChessBase"]
[SourceDate "2020.05.31"]
[SourceVersion "1"]
[SourceVersionDate "2020.05.31"]
[SourceQuality "1"]
[WhiteTeam "Gota"]
[BlackTeam "Kollafjordur II"]
[WhiteTeamCountry "FAI"]
[BlackTeamCountry "FAI"]

1. e4 e5 2. Bc4 Nf6 3. Nf3 Nc6 4. Ng5 d5 5. exd5 Na5 6. Bb5+ c6 7. dxc6 bxc6 8. Bd3 Bc5 9. Ne4 Nxe4 10. Bxe4 Bxf2+ 11. Kxf2 Qh4+ 12. Kf1 Qxe4 13. d3 Qf5+ 14. Qf3 Qxf3+ 15. gxf3 0-0 16. Nc3 c5 17. Rg1 Rd8 18. Ne4 Bh3+ 19. Kf2 Rdc8 20. Rg3 Be6 21. Bd2 Nc6 1/2-1/2

[Event "FAI-chT2 1920"]
[Site "Faroe Islands"]
[Date "2019.12.01"]
[Round "5.1"]
[White "Olsen, Kaj"]
[Black "Ziska, Andrias"]
[Result "0-1"]
[WhiteElo "1654"]
[BlackElo "1872"]
[PlyCount "60"]
[EventDate "2019.10.13"]
[EventType "team-tourn"]
[EventRounds "10"]
[EventCountry "FAI"]
[SourceTitle "CBM 195 Extra"]
[Source "ChessBase"]
[SourceDate "2020.05.31"]
[SourceVersion "1"]
[SourceVersionDate "2020.05.31"]
[SourceQuality "1"]
[WhiteTeam "Kollafjordur II"]
[BlackTeam "Havnin III"]
[WhiteTeamCountry "FAI"]
[BlackTeamCountry "FAI"]

1. e4 c5 2. Nf3 d6 3. d4 cxd4 4. Nxd4 Nf6 5. Nc3 a6 6. a4 e6 7. Be3 Be7 8. Be2 Nbd7 9. Qd2 Qc7 10. f4 0-0 11. 0-0 Rb8 12. Bf3 Nb6 13. b3 Bd7 14. Nce2 e5 15. Nf5 Bxf5 16. exf5 e4 17. Bxe4 Nxe4 18. Qd4 Nc5 19. b4 Bf6 20. Qd2 Nc4 21. Qc1 Nxe3 22. Qxe3 Rfe8 23. Qf3 Bxa1 24. Rxa1 Ne4 25. Ng3 Qc3 26. Qd1 Nxg3 27. hxg3 d5 28. Rb1 d4 29. Qg4 f6 30. Qd1 Re3 0-1

[Event "Faroes op"]
[Site "Sandavagur"]
[Date "2018.07.09"]
[Round "3"]
[White "Olsen, Kaj"]
[Black "Petersen, Gutti"]
[Result "1-0"]
[WhiteElo "1696"]
[BlackElo "1596"]
[PlyCount "99"]
[EventDate "2018.07.07"]
[EventType "swiss"]
[EventRounds "9"]
[EventCountry "FAI"]
[SourceTitle "CBM 185 Extra"]
[Source "ChessBase"]
[SourceDate "2018.07.29"]
[SourceVersion "1"]
[SourceVersionDate "2018.07.29"]
[SourceQuality "1"]

1. e4 e6 2. d4 d5 3. Nc3 Nf6 4. Bg5 Be7 5. e5 Nfd7 6. Bxe7 Qxe7 7. f4 Nb6 8. Nf3 a6 9. Be2 c5 10. Qd2 Nc6 11. g3 Bd7 12. Qe3 cxd4 13. Nxd4 Qc5 14. 0-0-0 Rc8 15. Qg1 Na5 16. Nb3 Nxb3+ 17. axb3 Qc6 18. Bd3 Qc7 19. Qf2 g6 20. h4 h5 21. Rdg1 Qc5 22. Qxc5 Rxc5 23. g4 Ke7 24. gxh5 Rxh5 25. Rg5 Rxg5 26. hxg5 Rc8 27. Rh7 Rg8 28. Kd2 Bc6 29. Ke3 Nd7 30. Ne2 Nf8 31. Rh2 Rg7 32. Nd4 Kd7 33. Rh8 Ke7 34. Nxc6+ bxc6 35. Bxa6 Rh7 36. Rxh7 Nxh7 37. Bb7 c5 38. b4 cxb4 39. Kd4 Kd7 40. Kc5 Kc7 41. Bc6 Kd8 42. Kxb4 Nf8 43. Kc5 Nd7+ 44. Bxd7 Kxd7 45. b4 Kc7 46. b5 Kb7 47. b6 Kb8 48. Kc6 Kc8 49. b7+ Kb8 50. c3 1-0

[Event "Nordic-ch U17"]
[Site "Drammen"]
[Date "2017.02.18"]
[Round "4"]
[White "Skaale, Janus"]
[Black "Olsen, Kaj"]
[Result "1-0"]
[WhiteElo "1696"]
[BlackElo "1513"]
[PlyCount "87"]
[EventDate "2017.02.17"]
[EventType "swiss"]
[EventRounds "6"]
[EventCountry "NOR"]
[SourceTitle "CBM 177 Extra"]
[Source "ChessBase"]
[SourceDate "2017.04.27"]
[SourceVersion "1"]
[SourceVersionDate "2017.04.27"]
[SourceQuality "1"]

1. e4 e5 2. Nf3 Nf6 3. Nxe5 d6 4. Nf3 Nxe4 5. Nc3 Bf5 6. Qe2 Qe7 7. Nd5 Qd7 8. d3 Be6 9. dxe4 Bxd5 10. exd5+ Be7 11. Bd2 0-0 12. Qc4 Na6 13. Be3 Bf6 14. c3 Rfe8 15. Be2 Re7 16. 0-0 Rae8 17. Rfe1 Nc5 18. Bxc5 dxc5 19. Bd3 Qd6 20. Rxe7 Rxe7 21. Re1 g6 22. Rxe7 Qxe7 23. Qe4 Qd7 24. h3 Qd8 25. Bb5 Qd6 26. Nd2 Bg7 27. Nc4 Qf6 28. Bd7 Qg5 29. Ne3 Qf6 30. Qa4 Qe7 31. Bc8 Bh6 32. Nf1 Qd8 33. Bxb7 Qb8 34. Qc6 Bc1 35. b3 Bb2 36. c4 Ba3 37. Ng3 Qd8 38. Qa4 Bb4 39. Qxa7 Qf6 40. Qb8+ Kg7 41. Qxc7 Qa1+ 42. Nf1 h6 43. d6 Qe5 44. Qe7 1-0

[Event "FAI-chT2 1617"]
[Site "Faroe Islands"]
[Date "2017.01.28"]
[Round "5.4"]
[White "Olsen, Kaj"]
[Black "Hansen, Jogvan Ingvard"]
[Result "1-0"]
[WhiteElo "1554"]
[BlackElo "1264"]
[PlyCount "63"]
[EventDate "2016.10.23"]
[EventType "team-tourn"]
[EventRounds "10"]
[EventCountry "FAI"]
[SourceTitle "EXT 2020"]
[Source "ChessBase"]
[SourceDate "2019.10.17"]
[SourceVersion "1"]
[SourceVersionDate "2019.10.17"]
[SourceQuality "1"]
[WhiteTeam "Havnin IV"]
[BlackTeam "Toftir"]
[WhiteTeamCountry "FAI"]
[BlackTeamCountry "FAI"]

1. e4 c5 2. Nf3 g6 3. d4 cxd4 4. Nxd4 Bg7 5. Nc3 Nc6 6. Be3 Nf6 7. Bc4 0-0 8. 0-0 Nxe4 9. Nxe4 d5 10. Bb5 dxe4 11. Nxc6 bxc6 12. Qxd8 Rxd8 13. Bxc6 Rb8 14. Bxa7 Rxb2 15. Bxe4 f5 16. Bf3 Rxc2 17. Rad1 Rxd1 18. Rxd1 Be6 19. a3 Rc3 20. a4 Bb3 21. Rb1 Kf7 22. a5 Bc4 23. h3 Be5 24. Bb6 Ra3 25. Re1 Bd6 26. Rc1 Ba6 27. Bc7 Bxc7 28. Rxc7 Ra1+ 29. Kh2 Ke6 30. Rc6+ Kd7 31. Rxa6 Kc7 32. Ra7+ 1-0

[Event "Runavik op"]
[Site "Runavik"]
[Date "2016.11.26"]
[Round "7"]
[White "Rodgaard, John"]
[Black "Olsen, Kaj"]
[Result "1-0"]
[WhiteElo "2338"]
[BlackElo "1524"]
[PlyCount "55"]
[EventDate "2016.11.21"]
[EventType "swiss"]
[EventRounds "9"]
[EventCountry "FAI"]
[SourceTitle "CBM 175 Extra"]
[Source "ChessBase"]
[SourceDate "2016.12.12"]
[SourceVersion "1"]
[SourceVersionDate "2016.12.12"]
[SourceQuality "1"]

1. Nf3 Nf6 2. c4 d5 3. cxd5 Bg4 4. Qa4+ Qd7 5. Qxd7+ Nbxd7 6. Nc3 0-0-0 7. d4 Bf5 8. Nh4 Bc2 9. f3 Nb6 10. e4 Ba4 11. Nxa4 Nxa4 12. Bc4 e6 13. Bb3 Nb6 14. dxe6 Bb4+ 15. Ke2 Rxd4 16. a3 Ba5 17. Nf5 Rdd8 18. exf7 g6 19. Ng7 Rdf8 20. Rd1 h6 21. e5 Nh5 22. Nxh5 gxh5 23. e6 c6 24. e7 Nd5 25. exf8Q+ Rxf8 26. Bxd5 cxd5 27. Rxd5 Bc7 28. Rf5 1-0

[Event "Runavik op"]
[Site "Runavik"]
[Date "2016.11.25"]
[Round "6"]
[White "Tummasarson, Flovin M"]
[Black "Olsen, Kaj"]
[Result "0-1"]
[WhiteElo "1195"]
[BlackElo "1524"]
[PlyCount "56"]
[EventDate "2016.11.21"]
[EventType "swiss"]
[EventRounds "9"]
[EventCountry "FAI"]
[SourceTitle "CBM 175 Extra"]
[Source "ChessBase"]
[SourceDate "2016.12.12"]
[SourceVersion "1"]
[SourceVersionDate "2016.12.12"]
[SourceQuality "1"]

1. e4 e5 2. Nf3 Nf6 3. Nc3 Nc6 4. Bb5 Bb4 5. d3 Nd4 6. Bd2 Bxc3 7. bxc3 Nxb5 8. c4 Nd4 9. 0-0 Nxf3+ 10. Qxf3 d6 11. h3 h6 12. c3 Be6 13. Rfd1 Qd7 14. d4 exd4 15. cxd4 Bxc4 16. e5 Bd5 17. Qg3 Ne4 18. Qxg7 0-0-0 19. Qg4 Qxg4 20. hxg4 Rdg8 21. f3 Nxd2 22. Rxd2 h5 23. exd6 cxd6 24. gxh5 Rxh5 25. Kf2 Rh2 26. Ke3 Rgxg2 27. Rxg2 Rxg2 28. a3 Rc2 0-1

[Event "FAI-chT2 1617"]
[Site "Faroe Islands"]
[Date "2016.11.13"]
[Round "3.3"]
[White "Joensen, Jakup F"]
[Black "Olsen, Kaj"]
[Result "1/2-1/2"]
[WhiteElo "1721"]
[BlackElo "1524"]
[PlyCount "57"]
[EventDate "2016.10.23"]
[EventType "team-tourn"]
[EventRounds "10"]
[EventCountry "FAI"]
[SourceTitle "EXT 2020"]
[Source "ChessBase"]
[SourceDate "2019.10.17"]
[SourceVersion "1"]
[SourceVersionDate "2019.10.17"]
[SourceQuality "1"]
[WhiteTeam "Gota"]
[BlackTeam "Havnin III"]
[WhiteTeamCountry "FAI"]
[BlackTeamCountry "FAI"]

1. e4 e5 2. Nc3 Nf6 3. f4 d6 4. f5 Nc6 5. Bc4 g6 6. fxg6 hxg6 7. d3 Bg4 8. Nce2 Qd7 9. c3 Bh6 10. Bxh6 Rxh6 11. Qd2 Rh7 12. Bb5 0-0-0 13. Qg5 Bxe2 14. Nxe2 Qe6 15. Bxc6 bxc6 16. h3 Ng4 17. Rf1 Nh6 18. b3 a5 19. Qc1 Kd7 20. Qa3 Ra8 21. Qa4 Rhh8 22. Qa3 Qe7 23. g3 Qe6 24. h4 Ng4 25. Qc1 Qe7 26. Qd2 Nh2 27. Rf2 Ng4 28. Rf1 Nh2 29. Rf2 1/2-1/2

[Event "Sandavag op"]
[Site "Sandavag"]
[Date "2015.11.08"]
[Round "6"]
[White "Nielsen, Jon I Horni"]
[Black "Olsen, Kaj"]
[Result "0-1"]
[WhiteElo "1251"]
[BlackElo "1591"]
[PlyCount "66"]
[EventDate "2015.11.06"]
[EventType "swiss"]
[EventRounds "7"]
[EventCountry "FAI"]
[SourceTitle "EXT 2017"]
[Source "ChessBase"]
[SourceDate "2016.10.25"]
[SourceVersion "1"]
[SourceVersionDate "2016.10.25"]
[SourceQuality "1"]

1. e4 e5 2. Nf3 Nf6 3. Nc3 Nc6 4. Bb5 d6 5. h3 a6 6. Bc4 Be6 7. Bb3 d5 8. exd5 Bxd5 9. Nxd5 Nxd5 10. 0-0 Qd6 11. d3 0-0-0 12. Be3 g6 13. d4 Bg7 14. dxe5 Nxe5 15. Nxe5 Qxe5 16. Bc1 Ne3 17. Qf3 Nxf1 18. Bf4 Qxb2 19. Rxf1 Qf6 20. Qg3 Rd7 21. Re1 Qc3 22. Re3 Qc6 23. Qg4 Kb8 24. Ba4 b5 25. Rb3 Kc8 26. Bxb5 axb5 27. Bd2 f5 28. Qb4 Rhd8 29. Bg5 Be5 30. f4 Rd2 31. Rg3 Bd4+ 32. Kh2 Bf2 33. Rf3 Qxf3 0-1